00333nam a2200133Ia 4500008004100000041000800041082001500049100001400064245004800078260002300126300000800149365001700157700002500174230718s9999 xx 000 0 und d aeng a004.3bCAN aCantu M.  aBorland C++ 4.0 Object Oriented Programming c1994bRandom House a576 cRs.b1042.80 aCantu M. & Tendon S.